| 000 | 00404nam a2200181Ia 4500 | ||
|---|---|---|---|
| 001 | 10060 | ||
| 003 | GE_BSU | ||
| 008 | 181216s||||||||xx |||||||||||||| ||und|| | ||
| 040 | _cGE_BSU | ||
| 245 | _aParis Match, du 3 AU 9avrol №3385. 2014. | ||
| 245 | _b№3385 | ||
| 245 | _cdir.red. O.Royant. | ||
| 260 | _aParis | ||
| 260 | _c2014 | ||
| 300 | _a123p.29cm. | ||
| 653 | _aParis Match, | ||
| 942 | _cCR | ||
| 999 |
_c43332 _d43332 |
||